000 01052nam a22003257a 4500
003 CHAP
005 20220329133154.0
008 971013s1992 r 00010 d
010 _a2972
011 _a3944
035 _a3145
040 _cCHAP
090 _aTesis
100 0 0 _aCabrera Guerrero, Marco Antonio.
_916667
245 _aAlgunas características tecnológicas de diez maderas tropicales en Chiapas
260 _aChapingo, México :
_bEl autor,
_c1992
300 _a101 h
500 _aD48-29
502 _aTesis (Ing. Agr. Especialista en Bosques) -- UACH. División de Ciencias Forestales
590 _aALEPH
_b10
_c20130110
_lUCH01
_h1215
590 _aBATCH-UPD
_b10
_c20130110
_lUCH01
_h1608
590 _aCONVERSION
_b10
_c20130109
_lUCH01
_h1303
650 1 4 _aMadera
_xPropiedades y usos.
_969621
650 1 4 _aMaderas tropicales.
_969670
901 _aBK
942 _cFOLL
949 _bBC
_cTES
_d-12656
_eTS1
_h24867
_i3145
_si
949 _bBC
_cTES
_d-65508
_eTS2
_fc.2
_h24868
_i3145
_si
949 _bDCF
_cTES
_d-4409
_eTS1
_i3145
_si
999 _c2972
_d2972